00281nam a2200121Ia 4500008004100000100002100041245002200062260002800084300000700112650001600119942000700135999001700142190216s9999||||xx |||||||||||||| ||und|| aJanardhanapillai 0aAlgebra1 3rd Bsc bAjith Book Centerc1996 a72 aMathematics cBK c31343d31343